000 00440nam a2200157 i 4500
001 108276
003 ES-MaACL
005 20230906184620.0
007 t|
008 061121s1924 it r ||||1| ita d
100 1 _aMolle, Stefano.
_982050
245 1 0 _aVisioni d'Europa
_b: note di viaggio /
_cStefano Molle.
260 _aFirenze :
_bR. Bemforad et figlio,
_c1924.
300 _a139 p., 12 lám ;
_c22 cm.
852 _aES-MaACL
_jA-1245
999 _c108276
_d108276